000
00315nam a22001457a 4500
008
221006b ||||| |||| 00| 0 eng d
020
_a
0416001301
041
_a
eng
080
_a
61
082
_a
61 BUC
100
_a
9
101
_a
MEDIC
245
_a
STEP BY STEP MEDICAL CODING
_c
BUCK C.J
942
_2
udc
_c
BK
999
_c
58370
_d
58370